[Event "Manila AQ Prime op 3rd"]
[Site "Manila"]
[Date "2023.10.29"]
[Round "3"]
[White "Yulo, Gerard"]
[Black "Rosaupan, Jan Lei Kian"]
[Result "0-1"]
[WhiteElo "1826"]
[BlackElo "1447"]
[PlyCount "72"]
[EventDate "2023.10.28"]
[EventType "swiss"]
[EventRounds "9"]
[EventCountry "PHI"]
[SourceTitle "CB46_2023"]
[SourceDate "2023.11.15"]
[SourceVersion "1"]
[SourceVersionDate "2023.11.15"]
[SourceQuality "1"]

1. e4 c5 2. Nf3 e6 3. d4 cxd4 4. Nxd4 Nf6 5. Nc3 Bb4 6. Bd3 d5 7. exd5 Nxd5 8. Bd2 Nc6 9. Nxc6 bxc6 10. Nxd5 Bxd2+ 11. Qxd2 cxd5 12. Bb5+ Bd7 13. Qb4 a5 14. Qc5 Rc8 15. Bxd7+ Kxd7 16. Qb5+ Ke7 17. c3 Re8 18. 0-0 Rc4 19. Rad1 Qc7 20. Rd4 Rxd4 21. cxd4 Rb8 22. Qe2 Rb4 23. Rd1 Qb6 24. Rd2 Rxd4 25. Rxd4 Qxd4 26. g3 Qc4 27. Qxc4 dxc4 28. Kf1 Kd6 29. Ke2 Kc5 30. Kd2 Kb4 31. Kc2 a4 32. a3+ Kb5 33. Kd2 e5 34. f3 f5 35. h3 g5 36. Ke3 Kc5 0-1